| 000 | 01017nam a2200241 i 4500 | ||
|---|---|---|---|
| 001 | 54626 | ||
| 003 | ES-MaACL | ||
| 005 | 20250929063121.0 | ||
| 007 | t| | ||
| 008 | 960722s1835 po |||| |bpor d | ||
| 040 |
_aCAM _bspa _cCAM |
||
| 100 | 1 |
_aAndrade, Jacinto Freire de, _d1597-1657 _952571 |
|
| 245 | 1 | 0 |
_aVida de D. Joâo de Castro, quarto viso-rey da India / _cescripta por Jacinto Freire de Andrade, impressa conforme a primeira ediçao de 1651; ajuntao-se algumas breves notas auctorizadas com documentos originales e ineditos por Francisco de S. Luiz. |
| 260 |
_aLisboa : _bAcademia Real das Sciencias de Lisboa, _c1835. |
||
| 300 |
_a[8], 514 p., [1] h. de grab. ; _c21 cm. |
||
| 600 | 1 | 4 |
_aCastro, João de, _d1500-1548 _936863 |
| 651 | 4 |
_aGoa, Daman y Diu- _xHistoria. _9165055 |
|
| 651 | 4 |
_aIndia- _xHistoria- _y1526-1765. _9163997 |
|
| 700 | 1 |
_aLuiz, Francisco de S. _9163998 |
|
| 710 | 2 |
_aAcademia das Ciências de Lisboa. _91159 |
|
| 852 |
_aES-MaACL _jG-8929 |
||
| 999 |
_c54626 _d54626 |
||